Natural rubber: World bank assisted project (Record no. 52154)

MARC details
000 -LEADER
fixed length control field 00344nam a2200133Ia 4500
100 ## - MAIN ENTRY--AUTHOR NAME
Personal name Menon P.M.
245 #0 - TITLE STATEMENT
Title Natural rubber: World bank assisted project
260 ## - PUBLICATION, DISTRIBUTION, ETC. (IMPRINT)
Name of publisher Planters' Chronicle
Year of publication 1995
300 ## - PHYSICAL DESCRIPTION
Number of Pages 195-201
650 ## - SUBJECT ADDED ENTRY--TOPICAL TERM
Topical Term Rubber Board
650 ## - SUBJECT ADDED ENTRY--TOPICAL TERM
Topical Term World bank project
942 ## - ADDED ENTRY ELEMENTS (KOHA)
Koha item type Bibliography STAF
Holdings
Withdrawn status Lost status Damaged status Not for loan Home library Current library Date acquired Serial Enumeration / chronology Koha item type
      Bibliography RRII Library RRII Library 09/04/2014 Volume 90, Issue 5 Bibliography STAF